000
00281nmm a2200097Ia 4500
008
220120s9999||||xx |||||||||||||||||und||
020
_a
0-07-118996-3
100
_a
Hillebrand, Friedhelm
_9
8145
245
0
_a
GSM and UMTS :the creation of global mobile communication
260
_b
Boston
999
_c
139698
_d
139698